Manegement accounting: (Record no. 181045)

MARC details
000 -LEADER
fixed length control field 00830nam a2200217 4500
005 - DATE AND TIME OF LATEST TRANSACTION
control field 20210826170153.0
010 ## - LCCN (DPL NO)
LC control number B-741407
020 ## - INTERNATIONAL STANDARD BOOK NUMBER
International Standard Book Number 9789384285333
Terms of availability 320.00
035 ## - SYSTEM CONTROL NUMBER
System control number B-741407
037 ## - SOURCE OF ACQUISITION
Source of stock number/acquisition Gift
082 ## - DEWEY DECIMAL CLASSIFICATION NUMBER
Classification number 658.1511
100 ## - MAIN ENTRY--PERSONAL NAME
Personal name Maheshwari S.N.
245 ## - TITLE STATEMENT
Title Manegement accounting:
Remainder of title principles & practice [for B.Com.(Hons.) vth Semester and III year of Delhi University ] /
Statement of responsibility, etc by S. N. Maheshwari ; Sharad K. Maheshwari [and] S.N. Mittal
260 ## - PUBLICATION, DISTRIBUTION, ETC. (IMPRINT)
Place of publication, distribution, etc Delhi
Name of publisher, distributor, etc Shree Mahavir Book Depot
Date of publication, distribution, etc 2016
270 ## - ADDRESS
Address 2603,Nai Sarak,
City Delhi
Postal code 110006
300 ## - PHYSICAL DESCRIPTION
Extent 397-P.78p.
Dimensions 24cm(pbk
700 ## - ADDED ENTRY--PERSONAL NAME
Personal name Maheshwari ,Sharad K.
700 ## - ADDED ENTRY--PERSONAL NAME
Personal name Mittal ,S.N.
942 ## - ADDED ENTRY ELEMENTS (KOHA)
Source of classification or shelving scheme Dewey Decimal Classification
Item type English Books
Classification part 658.1511
Call number suffix MAH
Holdings
Withdrawn status Lost status Not for loan Collection code Home library Current library Date acquired Source of acquisition Cost, normal purchase price Full call number Barcode Copy number Cost, replacement price Koha item type Public note
      Non-fiction Central Library Central Library 26/08/2021 Gift/Eng/18.8.2021 320.00 658.1511 MAH B-741407 1 320.00 English Books Gift

© Delhi Public Library
Hit Counter
free hit counter